| 000 | 00892cad a22001935a 4500 | ||
|---|---|---|---|
| 001 | L151510 | ||
| 008 | 101112e20101106xxk 000 0 eng d | ||
| 035 | _a(Sirsi) u151510 | ||
| 041 | 0 | _aeng | |
| 100 | 1 | _aMorrison, Adrian | |
| 245 | 0 | 0 |
_aFocus _bEast Scotland |
| 260 | _c2010 | ||
| 490 |
_aEstates Gazette _v(1044) 6 November 2010, 81-101(17) |
||
| 520 | _aEdinburgh's position as a key European financial centre is being challenged with cuts by Lloyds Banking Group and Barclays Bank whilst Tesco Bank plans to bring new employment opportunities to the city. Office market in Aberdeen. V&A plans to open its first museum outside London in Dundee. Renewable energy developments including wind power are predicted to bring economic prosperity to Dundee. | ||
| 590 | _aKA | ||
| 651 | 4 | _aWest Midlands | |
| 690 | _aPROPERTY-COMMERCIAL PROPERTY-COMMERCIAL PROPERTY MARKET | ||
| 942 | _n0 | ||
| 999 |
_c82811 _d82811 |
||